| 000 | 00766nam a22002177a 4500 | ||
|---|---|---|---|
| 005 | 20130510162051.0 | ||
| 010 | _aENG-107027 | ||
| 020 |
_a9788184050660 _c725.00 |
||
| 035 | _aEN-90560 | ||
| 037 | _bDBAD/PUB | ||
| 082 | _a339.53 | ||
| 245 |
_aMoney and macrodynamics : _cedited by Mark Lavoie, Louis- Philippe Rochon [and] Mario Seccareccia _bAlfred Elchner and Post-Keynesian economics / |
||
| 260 |
_aNew Delhi _bReference Press _c2011 |
||
| 270 |
_a4831/24, Ansari Road, Daryaganj _bNew Delhi _e110002 |
||
| 300 |
_axiv, 197p.: _bill. _c22cm(Hb) |
||
| 500 | _aIncludes bibliographical references and index | ||
| 700 | _aLavoie,Marc | ||
| 700 | _aRochon, Louis- Philippe | ||
| 700 | _aSeccareccia, Mario | ||
| 942 |
_2ddc _cEN _h339.53 _mMON |
||
| 999 |
_c75356 _d75356 |
||